000 00404nam a22001217a 4500
999 _c718
_d718
005 20200817151510.0
008 200817b ||||| |||| 00| 0 eng d
020 _a9871855034211
040 _cCML
245 _aHow to Survive and Succeed as a SENCo in the Primary School.
_cBirkett, V & Lautman, M.
260 _aVictoria Business park
_bUnited Kingdom
_c2000
942 _2ddc
_cBK
_h371.9
_mBIR